00257nam a2200097Ia 4500008004100000100001600041245005100057260003400108260000900142300000800151170620s9999 xx 000 0 und d aSharma- R.K 0aSwastha Shiksha avam Sharirik Shiksha Shikshan bRadha Prakashan Mandir Agra-2 c2010 a216